| 000 | 00797nam a2200253Ia 4500 | ||
|---|---|---|---|
| 003 | OSt | ||
| 005 | 20221005112757.0 | ||
| 006 | a|||||r|||| 00| 0 | ||
| 007 | ta | ||
| 008 | 221004b |||||||| |||| 00| 0 pan d | ||
| 020 | _a9788182991354 (hbk) | ||
| 024 | _a103061 | ||
| 037 | _cTextual | ||
| 040 |
_aCRL _cCRL _bpan |
||
| 041 |
_2pan _apan |
||
| 082 | _aO153,1NAR1x, P7 | ||
| 100 | _aਅਰੀ, ਗੁਰਚਰਨ ਸਿੰਘ | ||
| 245 | 0 | _aਖ਼ਾਮੋੀ ਦਾ ਜੰਗਲ | |
| 260 |
_aਦਿੱਲੀ _bਆਰਸੀ ਪਬਲਿਰਗ਼ ਭਾਰਤ _c2007 |
||
| 300 |
_a94ਪੰ _ccm. |
||
| 650 | _aਪੰਜਾਬੀ ਸਾਹਿਤ | ||
| 942 |
_hO153,1NAR1x, P7 _cTEXL _2cc |
||
| 999 |
_c1025929 _d1025929 |
||